000
00271nam a22001217a 4500
082
_a
294.5924
_b
RAM/S
100
_a
SWAMI RAMSUKHDAS
245
_a
SRIMAD BHAGAVADGITA
260
_a
GORAKHPUR
_b
GITA PRESS
_c
2003
300
_a
1430
650
_a
RELIGIOUS
_z
INDIA
942
_c
BK
999
_c
5261
_d
5261